000 00662nam a22002057a 4500
999 _c20875
_d20875
005 20200219114009.0
008 200219b xxu||||| |||| 00| 0 spa d
040 _aCO-BoIAVH
_cCO-BoIAVH
041 _aspa
044 _ack
090 _aFG
_b0477
110 _aGrupo Semillas.
245 _aLey 1876 de 2017
_bSistema Nacional de Innovación Agropecuaria SNIA ¿A quiénes favorece?
_cGrupo Semillas
260 _as.l:
_bGrupo Semillas,
_cs.f.
300 _aUna página,
_bIlustraciones a color,
_c29.2 x 20.5 cm
650 0 _aLey 1876 de 2017
650 0 _aInnovación agropecuaria
650 0 _aNormas
942 _2z
_cFolleto